[Event "POR-ch U16"]
[Site "Armacao de Pera"]
[Date "2001.04.09"]
[Round "3.6"]
[White "Santos, Olavo Miguel Floren"]
[Black "Marques, Diogo"]
[Result "1-0"]
[WhiteElo "1787"]
[BlackElo "1477"]
[PlyCount "90"]
[EventDate "2001.04.07"]
[EventType "swiss"]
[EventRounds "7"]
[EventCountry "POR"]
[SourceTitle "EXT 2002"]
[Source "ChessBase"]
[SourceDate "2001.11.25"]
[SourceVersion "1"]
[SourceVersionDate "2001.11.25"]
[SourceQuality "1"]

1. e4 e5 2. Nf3 Nc6 3. Nc3 Nf6 4. d4 exd4 5. Nxd4 Bb4 6. Qd3 Ne5 7. Qg3 Ng6 8. Bg5 h6 9. Bxf6 Qxf6 10. 0-0-0 Bd6 11. Qf3 Qxf3 12. Nxf3 0-0 13. g3 Bc5 14. Nd4 Ne5 15. Be2 b6 16. f4 Ng6 17. Bg4 d6 18. Bf3 Bb7 19. Rhe1 Bxd4 20. Rxd4 Rfd8 21. Rd3 a6 22. h4 Ne7 23. e5 Bxf3 24. Rxf3 dxe5 25. Rxe5 Rd7 26. Rfe3 Ng6 27. R5e4 f5 28. Re6 Nf8 29. R6e5 Rf7 30. Nd5 Ra7 31. Ne7+ Kh7 32. Rxf5 Rxf5 33. Nxf5 h5 34. Re7 Kh8 35. Nxg7 Ng6 36. Rd7 Nf8 37. Rf7 Kg8 38. Rxf8+ Kxf8 39. Nxh5 c6 40. f5 Re7 41. g4 Kg8 42. Nf4 Rd7 43. g5 Kh7 44. f6 Rd4 45. g6+ Kg8 1-0

[Event "POR-ch U16"]
[Site "Armacao de Pera"]
[Date "2001.04.07"]
[Round "1.6"]
[White "Marques, Diogo"]
[Black "Rebelo, Fabio Emanuel Xavi"]
[Result "0-1"]
[WhiteElo "1477"]
[BlackElo "1699"]
[PlyCount "54"]
[EventDate "2001.04.07"]
[EventType "swiss"]
[EventRounds "7"]
[EventCountry "POR"]
[SourceTitle "EXT 2002"]
[Source "ChessBase"]
[SourceDate "2001.11.25"]
[SourceVersion "1"]
[SourceVersionDate "2001.11.25"]
[SourceQuality "1"]

1. e4 e6 2. d4 d5 3. Nc3 Nf6 4. e5 Nfd7 5. Nf3 Bb4 6. Bd2 c5 7. dxc5 Bxc5 8. Be2 Nc6 9. Bb5 Qb6 10. 0-0 Nd4 11. Be3 Nxb5 12. Na4 Qc6 13. Nxc5 Nxc5 14. Ng5 h6 15. Qh5 g6 16. Qh4 Nd7 17. Nh3 Qc4 18. Qxc4 dxc4 19. f4 0-0 20. g4 c3 21. b3 b6 22. Rae1 Ba6 23. Rf2 Nc7 24. f5 g5 25. fxe6 Nxe6 26. Rf5 Kg7 27. Ref1 Bxf1 0-1